000 01307cam a2200313 i 4500
001 25169
003 Mx-PuUPA
005 20251011102446.0
008 140415s2024 mx ao gr 000 0 spa d
020 _cEn trámite
040 _cMx-PuUPA
_aMx-PuUPA
_bspa
_dMx-PuUPA
_erda
041 0 _aspa
100 1 _aRivera, Diego,
_d1886-1957
_917495
_eautor
245 1 0 _aNueva vida a un mural destruido :
_b1933/1934 /
_cDiego Rivera
250 _aPrimera edición
264 1 _aCiudad de México :
_bInstituto Nacional de Bellas Artes y Literatura : Red de Museos,
_c©2024
300 _a109 páginas, 2 hojas plegadas :
_bilustraciones, fotografías (principalmente en color) ;
_c24 cm
336 _2rdacontent
_atexto
_btxt
337 _2rdamedia
_asin medio
_bn
338 _2rdacarrier
_avolumen
_bnc
600 1 4 _aRivera, Diego,
_d1886-1957
_vExposiciones históricas
650 7 _2armarc
_aPintura mural
_xDecoración
_zNueva York
_ySiglo XX
_xTemas, motivos
_vExposiciones
650 7 _2armarc
_aPintura mural
_xDecoración
_zMéxico
_ySiglo XX
_vExposiciones
650 7 _2armarc
_aPolítica en el arte
_vExposiciones
942 _2ddc
_cLI
_h758.99
_iR66
999 _c25169
_d25169